Commonest Words A-Z Quiz Stats

 Plays Quiz Updated Aug 14, 2012

Challenge
Share
Tweet
Embed
Score 0/21 Timer 04:00
6 Plays Today
Letter Word % Correct
AA, About, After, All, Also, An, And, Any, As, At
99.8%
BBack, Be, Because, But, By
98.7%
II, If, In, Into, It, Its
96.9%
DDay, Do
96.8%
TTake, Than, That, The, Their, Them, Then, There, These, They, Think, This, Time, To, Two
95.8%
HHave, He, Her, Him, His, How
95.1%
WWant, Way, We, Well, What, When, Which, Who, Will, With, Work, Would
94.9%
NNew, No, Not, Now
94%
GGet, Give, Go, Good
93.7%
CCan, Come, Could
93.5%
SSay, See, She, So, Some
93.4%
Letter Word % Correct
OOf, On, One, Only, Or, Other, Our, Out, Over
92.8%
MMake, Me, Most, My
90.4%
YYear, You, Your
88%
FFirst, For, From
86.8%
UUp, Us, Use
77.8%
JJust
60.7%
LLike, Look
56%
EEven
35.2%
KKnow
26.3%
PPeople
21.4%

You're not logged in!

Compare scores with friends on all Sporcle quizzes.
Join for Free
OR
Log In

You Might Also Like...

Show Comments

Extras

Top Quizzes Today


Score Distribution

Your Account Isn't Verified!

In order to create a playlist on Sporcle, you need to verify the email address you used during registration. Go to your Sporcle Settings to finish the process.

Report this User

Report this user for behavior that violates our Community Guidelines.

Details: